Song by Opening Lyric #3 - Statistics

General Stats
  • This quiz has been taken 74 times
  • The average score is 16 of 40
Answer Stats
Opening Lyric Song Artist % Correct
- Queen -
85%
- We Will Rock You -
85%
- Pink Floyd -
78%
- Another Brick in the Wall, Pt.2 -
74%
- September -
74%
- Coldplay -
72%
- All Star -
70%
- Viva la Vida -
70%
- Eagles -
69%
- Hotel California -
69%
- Earth, Wind & Fire -
61%
- Smash Mouth -
59%
- 9 to 5 -
48%
- Dolly Parton -
48%
- Sir Mix-A-Lot -
48%
- Alanis Morissette -
39%
- Ironic -
39%
- The Beatles -
37%
- Baby Got Back -
35%
- Everybody Wants to Rule the World -
35%
- Wonderful World -
35%
- Avril Lavigne -
33%
- Complicated -
33%
- Twenty One Pilots -
33%
- Stressed Out -
31%
- Tears for Fears -
30%
- A Day in the Life -
28%
- Flowers -
28%
- Miley Cyrus -
26%
- Sam Cooke -
22%
- Prince and the Revolution -
20%
- Purple Rain -
20%
- Maroon 5 -
19%
- Sugar -
19%
- Toes -
19%
- Zac Brown Band -
13%
- Billy Joel -
9%
- Friends in Low Places -
9%
- Garth Brooks -
9%
- New York State of Mind -
6%
No matching quizzes found
Score Distribution
Percent of People with Each Score
Percentile by Number Answered
Your Score History
You have not taken this quiz